000 00642nam a22002177a 4500
005 20170124110253.0
010 _a853799
020 _c00.00
_a0571101615
035 _a853799
037 _bCen Lib/Ret
040 _aDPL
_bEN
082 _aN
_bJAM
100 _aJames, P. D.
_9105128
245 _aAn unsuitable job for a woman /
_cby P. D.James
260 _aLondon
_bFaber and Faber
_c1973
270 _bLondon
_a3 Queen Square
300 _a216p.
_c20cm(Hb)
650 _aWomen private investigators -- England -- Fiction.
_999965
650 _aGray, Cordelia (Fictitious character) -- Fiction.
_999966
942 _2ddc
_cEN
_hN
_mJAM
999 _c135988
_d135988